000 00597nam a2200205Ia 4500
005 20250508162151.0
008 008 250505s9999 xx 000 0 eng d
020 _a92-803-1079-8
037 _aTextual
040 _aFEDL
_beng
_cFEDL
041 _aeng
_2eng
084 _a370.7, UNE
_qFEDL
100 _aWilliams Peter
245 0 _aPlanning teacher demand and supply
260 _aParis, France
_bUnited Nations Educational, Scientific and Cultural Organization
_c1979
300 _a99p.
650 _aEducation
942 _cTEXL
_h370.7, UNE
999 _c1374782
_d1374782